<?xml version="1.0" encoding="UTF-8"?>
<record
    xmlns:xsi="http://www.w3.org/2001/XMLSchema-instance"
    xsi:schemaLocation="http://www.loc.gov/MARC21/slim http://www.loc.gov/standards/marcxml/schema/MARC21slim.xsd"
    xmlns="http://www.loc.gov/MARC21/slim">

  <leader>01762nam a22002897a 4500</leader>
  <controlfield tag="003">OSt</controlfield>
  <controlfield tag="005">20260514094419.0</controlfield>
  <controlfield tag="008">260121b        |||||||| |||| 00| 0 eng d</controlfield>
  <datafield tag="022" ind1=" " ind2=" ">
    <subfield code="a">1090-9516</subfield>
  </datafield>
  <datafield tag="022" ind1=" " ind2=" ">
    <subfield code="a">1878-5573</subfield>
  </datafield>
  <datafield tag="040" ind1=" " ind2=" ">
    <subfield code="a">TBS</subfield>
    <subfield code="b">EN</subfield>
    <subfield code="c">TBS</subfield>
  </datafield>
  <datafield tag="041" ind1=" " ind2=" ">
    <subfield code="a">eng</subfield>
  </datafield>
  <datafield tag="100" ind1=" " ind2=" ">
    <subfield code="a">Ghauri, Pervez N.</subfield>
    <subfield code="d">1948-</subfield>
    <subfield code="9">21139</subfield>
    <subfield code="e">author</subfield>
  </datafield>
  <datafield tag="245" ind1=" " ind2=" ">
    <subfield code="a">Negotiating with the Chinese</subfield>
    <subfield code="b">: a socio-cultural analysis</subfield>
    <subfield code="c">/ Pervez Ghauri, Tony Fang. </subfield>
  </datafield>
  <datafield tag="260" ind1=" " ind2=" ">
    <subfield code="b">Journal of World Business,</subfield>
    <subfield code="c">2001</subfield>
  </datafield>
  <datafield tag="300" ind1=" " ind2=" ">
    <subfield code="a">303-325 pages.</subfield>
  </datafield>
  <datafield tag="362" ind1=" " ind2=" ">
    <subfield code="a">Journal of world business : JWB, 2001-10, Vol.36 (3), p.303-325</subfield>
  </datafield>
  <datafield tag="520" ind1=" " ind2=" ">
    <subfield code="a">China has been one of the most favorite markets for Western firms for the last decade. However, doing business with China is considered difficult, mainly because negotiating with Chinese counterparts is quite complex. This paper analyses the negotiation process with China from a socio-cultural perspective. A Swedish multinational, Ericsson, is followed for several years and its negotiation process for different Chinese projects in the telecommunication industry is studied in depth. Based on these cases and literature a model is developed and some conclusions are drawn. Finally, managerial implications presented as four Ps: Priority, Patience, Price and People sum up the essence of Chinese business negotiation process.</subfield>
  </datafield>
  <datafield tag="630" ind1=" " ind2="0">
    <subfield code="a">MSc International Business</subfield>
    <subfield code="9">26977</subfield>
  </datafield>
  <datafield tag="650" ind1=" " ind2="0">
    <subfield code="a">Negotiation in business</subfield>
    <subfield code="z">China</subfield>
    <subfield code="9">27058</subfield>
  </datafield>
  <datafield tag="650" ind1=" " ind2="0">
    <subfield code="a">Strategic planning</subfield>
    <subfield code="z">China</subfield>
    <subfield code="9">27059</subfield>
  </datafield>
  <datafield tag="650" ind1=" " ind2="0">
    <subfield code="a">Negotiation in business</subfield>
    <subfield code="x">Cross-cultural studies</subfield>
    <subfield code="9">27060</subfield>
  </datafield>
  <datafield tag="651" ind1=" " ind2="0">
    <subfield code="a">China</subfield>
    <subfield code="x">Foreign relations</subfield>
    <subfield code="x">Decision making</subfield>
    <subfield code="9">27061</subfield>
  </datafield>
  <datafield tag="700" ind1=" " ind2=" ">
    <subfield code="a">Fang, Tony</subfield>
    <subfield code="9">27057</subfield>
    <subfield code="e">author</subfield>
  </datafield>
  <datafield tag="856" ind1=" " ind2=" ">
    <subfield code="u">https://research-ebsco-com.hub.tbs-education.fr/c/q5dvh4/viewer/pdf/myevv2z5y5</subfield>
  </datafield>
  <datafield tag="942" ind1=" " ind2=" ">
    <subfield code="2">lcc</subfield>
  </datafield>
  <datafield tag="952" ind1=" " ind2=" ">
    <subfield code="0">0</subfield>
    <subfield code="1">0</subfield>
    <subfield code="2">lcc</subfield>
    <subfield code="4">0</subfield>
    <subfield code="7">0</subfield>
    <subfield code="8">CT</subfield>
    <subfield code="a">TBS</subfield>
    <subfield code="b">TBS</subfield>
    <subfield code="d">2026-05-14</subfield>
    <subfield code="l">0</subfield>
    <subfield code="p">5225</subfield>
    <subfield code="r">2026-05-14</subfield>
    <subfield code="u">https://research-ebsco-com.hub.tbs-education.fr/c/q5dvh4/viewer/pdf/myevv2z5y5</subfield>
    <subfield code="w">2026-05-14</subfield>
    <subfield code="y">ARTICLE</subfield>
  </datafield>
  <datafield tag="999" ind1=" " ind2=" ">
    <subfield code="c">5225</subfield>
    <subfield code="d">5225</subfield>
  </datafield>
</record>
